<?xml version="1.0" encoding="UTF-8"?>
<collection xmlns="http://www.loc.gov/MARC21/slim">
 <record>
  <leader>01379ppm a22003498a 4500</leader>
  <controlfield tag="001">00031769</controlfield>
  <controlfield tag="005">20171026081025.0</controlfield>
  <controlfield tag="008">140214s2013                  ||||||viesd</controlfield>
  <datafield tag="041" ind1="0" ind2="#">
   <subfield code="a">vie</subfield>
  </datafield>
  <datafield tag="082" ind1="1" ind2="4">
   <subfield code="a">305.895 1</subfield>
   <subfield code="b">V103TR</subfield>
  </datafield>
  <datafield tag="100" ind1="0" ind2="#">
   <subfield code="a">Đinh, Thị Kim Yến</subfield>
  </datafield>
  <datafield tag="245" ind1="1" ind2="0">
   <subfield code="a">Vai trò của người Hoa đối với vùng đất Nam bộ từ thế kỉ XVII đến thế kỉ XIX</subfield>
   <subfield code="b">Khóa luận tốt nghiệp : Ngành Sư phạm Lịch sử: Trình độ : Đại học</subfield>
   <subfield code="c">ĐInh Thị Kim Yến; Trần Thị Giao Xuân (hướng dẫn)</subfield>
  </datafield>
  <datafield tag="260" ind1="#" ind2="#">
   <subfield code="a">Đồng Tháp</subfield>
   <subfield code="b">Trường Đại học Đồng Tháp</subfield>
   <subfield code="c">2013</subfield>
  </datafield>
  <datafield tag="300" ind1="#" ind2="#">
   <subfield code="a">69 tr.</subfield>
   <subfield code="c">30 cm.</subfield>
   <subfield code="e">1 bản tóm tắt</subfield>
   <subfield code="b">ảnh màu</subfield>
  </datafield>
  <datafield tag="500" ind1="#" ind2="#">
   <subfield code="a">ĐTTTS ghi: Bộ Giáo dục và Đào tạo. Trường Đại học Đồng Tháp. Khoa Giáo dục Chính trị</subfield>
  </datafield>
  <datafield tag="653" ind1="#" ind2="#">
   <subfield code="a">Kinh tế</subfield>
  </datafield>
  <datafield tag="653" ind1="#" ind2="#">
   <subfield code="a">Xã hội</subfield>
  </datafield>
  <datafield tag="653" ind1="#" ind2="#">
   <subfield code="a">Phát triển</subfield>
  </datafield>
  <datafield tag="653" ind1="#" ind2="#">
   <subfield code="a">Người Hoa</subfield>
  </datafield>
  <datafield tag="653" ind1="#" ind2="#">
   <subfield code="a">Nam bộ</subfield>
  </datafield>
  <datafield tag="700" ind1="1" ind2="#">
   <subfield code="a">Trần, Thị Giao Xuân</subfield>
   <subfield code="e">hướng dẫn</subfield>
  </datafield>
  <datafield tag="852" ind1="#" ind2="#">
   <subfield code="j">KD.0015405</subfield>
   <subfield code="j">KD.0015289</subfield>
  </datafield>
  <datafield tag="852" ind1="#" ind2="#">
   <subfield code="b">Kho đọc</subfield>
   <subfield code="j">KD.0015289, KD.0015405</subfield>
  </datafield>
  <datafield tag="910" ind1="0" ind2="#">
   <subfield code="d">24/02/2014</subfield>
  </datafield>
  <datafield tag="980" ind1="#" ind2="#">
   <subfield code="a">Trung tâm Học liệu Lê Vũ Hùng, Trường Đại học Đồng Tháp</subfield>
  </datafield>
 </record>
</collection>
